000 00311nam a2200109Ia 4500
008 171211s9999 xx 000 0 und d
245 4 _aThe Drunken Monkey: Why We Drink and Abuse Alcohol
245 _cRobert Dudley
260 _c2014
650 _xHEALTH
856 _uhttp://down.ebook777.com/018/The-Monkey.pdf
999 _c348357
_d348357